Farmaeesh (Record no. 62589)

000 -LEADER
fixed length control field 00446nam a22001817a 4500
003 - CONTROL NUMBER IDENTIFIER
control field NUST - PNEC
005 - DATE AND TIME OF LATEST TRANSACTION
control field 20170116180752.0
008 - FIXED-LENGTH DATA ELEMENTS--GENERAL INFORMATION
fixed length control field 150312b xxu||||| |||| 00| 0 eng d
020 ## - INTERNATIONAL STANDARD BOOK NUMBER
International Standard Book Number -
040 ## - CATALOGING SOURCE
Transcribing agency LIBRARY
082 ## - DEWEY DECIMAL CLASSIFICATION NUMBER
Classification number 928 IJA
100 ## - MAIN ENTRY--PERSONAL NAME
9 (RLIN) 1761
Personal name Ijaz-ul-Haq
245 ## - TITLE STATEMENT
Title Farmaeesh
Statement of responsibility, etc. Ijaz-ul-Haq
260 ## - PUBLICATION, DISTRIBUTION, ETC.
Place of publication, distribution, etc. Lahore
Name of publisher, distributor, etc. Samawat Publications
Date of publication, distribution, etc. c2002
300 ## - PHYSICAL DESCRIPTION
Extent 222 p. :
650 ## - SUBJECT ADDED ENTRY--TOPICAL TERM
9 (RLIN) 1765
Topical term or geographic name entry element Urdu Literature
General subdivision General
942 ## - ADDED ENTRY ELEMENTS (KOHA)
Source of classification or shelving scheme
Koha item type Book
Holdings
Withdrawn status Lost status Source of classification or shelving scheme Damaged status Not for loan Permanent Location Current Location Shelving location Date acquired Source of acquisition Cost, normal purchase price Total Checkouts Full call number Barcode Date last seen Cost, replacement price Price effective from Koha item type
          Pakistan Navy Engineering College (PNEC) Pakistan Navy Engineering College (PNEC)   02/20/2015 Donated 0.00   928 IJA PNECLIB-032014 03/12/2015 0.00 02/20/2015 Book
© 2023 Central Library, National University of Sciences and Technology. All Rights Reserved.